• 首页
  • 本馆介绍
  • 公告通知
  • 最新文献
  • 馆藏检索
  • 电子资源
  • 读者导购
  • 参考咨询
  • 我的图书馆
  • 登录
  • 详细信息显示
  • 放入我的书架
  • 预约/预借图书
  • 作者相关作品
  • 分类相关作品
  • 丛书相关作品
  • 出版社相关作品

书目信息

  • 表格格式
  • 工作单格式
  • 卡片格式
题名:
谈判训练
    
 
作者: 孙兆臣 , 易吉林 编著
分册:  
出版信息: 武汉   武汉大学出版社  2003
页数: 352页
开本: 20cm
丛书名:
单 册:
中图分类: F715.4
科图分类:
主题词: 贸易谈判--教材 , 贸易谈判
电子资源:
ISBN: 7-307-03831-5
000 00848nam0 2200265 450
001 05002535435
005 20050913092912.84
010    @a7-307-03831-5@dCNY15.00
100    @a20040816e20042003ekmy0chiy0120 ea
101 0  @achi
102    @aCN@b420000
105    @ay az 000yy
200 1  @a谈判训练@Atan pan xun lian@f孙兆臣,易吉林编著@Fsun zhao chen,yi ji lin bian zhu
210    @a武汉@c武汉大学出版社@d2003@h2004重印
215    @a352页@d20cm
300    @a综合素质训练系列教程
320    @a有书目
330    @a本书共九章,论述了谈判学的相关原理,着重阐释了成功商务谈判的一般规律,还介绍了中国“复关”与入世谈判的历程。
606 0  @a贸易谈判@j教材
606 0  @a贸易谈判
690    @aF715.4@v4
701  0 @a孙兆臣@Asun zhao chen@4编著
701  0 @a易吉林@Ayi ji lin@4编著
801  0 @aCN@bTSSF@c20050913
905    @a10447@dF715.4@e104
    
    谈判训练/孙兆臣,易吉林编著.-武汉:武汉大学出版社,2003(2004重印)
    352页;20cm
    综合素质训练系列教程
    
    ISBN 7-307-03831-5:CNY15.00
    本书共九章,论述了谈判学的相关原理,着重阐释了成功商务谈判的一般规律,还介绍了中国“复关”与入世谈判的历程。
●
相关链接 在E读中查询图书 在五车中查询图书 在当当中查询图书 在豆瓣中查询图书


正题名:谈判训练     索取号:F715.4/104         预约/预借

序号 登录号 条形码 馆藏地/架位号 状态 备注
1 0361210   3612102   第一样本阅览室/ [索取号:F715.4/104] 在馆    
2 0361211   3612111   密集书库/ [索取号:F715.4/104] 在馆    
3 0361212   3612120   第一借阅区/ [索取号:F715.4/104] 在馆    
4 0361213   3612139   第一借阅区/ [索取号:F715.4/104] 在馆    
5 0361214   3612148   第一借阅区/ [索取号:F715.4/104] 在馆    
6 0361215   3612157   密集书库/ [索取号:F715.4/104] 在馆    
7 0361216   3612166   密集书库/ [索取号:F715.4/104] 在馆    
8 0361217   3612175   密集书库/ [索取号:F715.4/104] 在馆    
唐山师范学院图书馆 欢迎您!
大连网信软件有限公司© 版权所有